000 00591nam a2200205Ia 4500
005 20250508170144.0
008 008 250505s9999 xx 000 0 eng d
037 _aTextual
040 _aFEDL
_beng
_cFEDL
041 _aeng
_2eng
084 _a370.1, MAT
_qFEDL
100 _aMattoo Mohammad Iqbal
_9783243
245 0 _aFoundations of education ,Part- 1
260 _aSrinagar, India
_bFrontline Publications
_c2006
300 _aiii, 237p.
365 _aINR
_b425
546 _aGifted by Prof. Poonam Batra
942 _cTEXL
_h370.1, MAT
999 _c1399499
_d1399499